ბათუმის შოთა რუსთაველის სახელმწიფო უნივერსიტეტის ბიბლიოთეკა

ანზორ : დრამა 4 მოქმედებად (ბიბ.ჩანაწერი № 48195)

000 -LEADER
fixed length control field 00873nam a2200205Ia 4500
001 - CONTROL NUMBER
control field 15077
003 - CONTROL NUMBER IDENTIFIER
control field GE_BSU
008 - FIXED-LENGTH DATA ELEMENTS--GENERAL INFORMATION
fixed length control field 181216s||||||||xx |||||||||||||| ||und||
040 ## - CATALOGING SOURCE
Transcribing agency GE_BSU
080 ## - UNIVERSAL DECIMAL CLASSIFICATION NUMBER
Universal Decimal Classification number 821.353.1-2
100 ## - MAIN ENTRY--PERSONAL NAME
Personal name შანშიაშვილი, სანდრო
245 ## - TITLE STATEMENT
Title ანზორ : დრამა 4 მოქმედებად
245 ## - TITLE STATEMENT
Statement of responsibility, etc. გადმოკეთებული ვ/ს. ივანოვის "14-69"-დან ; პ/მგ. რედ.: ი. ლისაშვილი.
260 ## - PUBLICATION, DISTRIBUTION, ETC.
Place of publication, distribution, etc. ტფილისი.
260 ## - PUBLICATION, DISTRIBUTION, ETC.
Name of publisher, distributor, etc. ფედერაცია.
260 ## - PUBLICATION, DISTRIBUTION, ETC.
Date of publication, distribution, etc. 1935
300 ## - PHYSICAL DESCRIPTION
Extent 116გვ. ; 20სმ
300 ## - PHYSICAL DESCRIPTION
Other physical details დამატებითი თავფ. სათაური რუს. ენაზე. - ყდაზე: სათაური ანზორ ამბოკარი.
942 ## - ADDED ENTRY ELEMENTS (KOHA)
Koha item type წიგნი
ეგზემპლარები
Withdrawn status Lost status Damaged status Not for loan Date acquired Barcode Date last seen Price effective from Koha item type
        2018-12-17 38152 2018-12-17 2018-12-17 წიგნი
        2018-12-17 38153 2018-12-17 2018-12-17 წიგნი
        2018-12-17 38191 2018-12-17 2018-12-17 წიგნი